| 000 | 00416nam a22001577a 4500 | ||
|---|---|---|---|
| 005 | 20250824210020.0 | ||
| 008 | 250824b |||||||| |||| 00| 0 eng d | ||
| 020 | _a9798898264550 | ||
| 082 | _a006.3 DOS | ||
| 100 | _aDoshi, Hiren | ||
| 245 | _aThe Layman's Guide to Artificial Intelligence | ||
| 260 |
_aIndia _bNotion Press _c2025 |
||
| 300 | _a106;. p. 20 cm | ||
| 650 | _aArtificial Intelligence | ||
| 942 | _cBK | ||
| 999 |
_c46478 _d46478 |
||